| 000 | 00454aam a2200181 4500 | ||
|---|---|---|---|
| 005 | 20170111110529.0 | ||
| 008 | 150727b xxu||||| |||| 00| 0 spa d | ||
| 041 | _aInglés | ||
| 082 | _a428 D257s | ||
| 100 |
_aDavies, Paul _936065 |
||
| 100 |
_aPearse, Eric _936066 |
||
| 245 | _aSuccess in english teaching | ||
| 260 |
_aInglaterra _bOxford _c2004 |
||
| 300 | _a221 páginas | ||
| 650 |
_aINGLÉS _92062 |
||
| 650 |
_a ENSEÑANZA _9236 |
||
| 942 | _cBK | ||
| 999 |
_c8697 _d8697 |
||